NBA Sixth Man of The Year - Sudden Death - Statistics

General Stats
  • This quiz has been taken 316 times
  • The average score is 3 of 6
Answers on the Grid
Answers color-coded by a green-red scale on the quiz's grid according to % correct below.
Kyle Korver
Isaiah Thomas
Lou Williams
Dennis Schröder
Bobby Portis
Naz Reid
Immanuel Quickley
Bill Walton
Nikola Jokić
Detlef Schrempf
Desmond Mason
Ricky Davis
Antawn Jamison
Jimmy Butler
Manu Ginóbili
 
Answer Stats
Answer % Correct
Lou Williams
73%
Naz Reid
70%
Manu Ginóbili
65%
Bill Walton
34%
Detlef Schrempf
23%
Antawn Jamison
16%
No matching quizzes found
Score Distribution
Percent of People with Each Score
Percentile by Number Answered
Your Score History
You have not taken this quiz